| 000 | 01119nam a2200349 i 4500 | ||
|---|---|---|---|
| 001 | bg | ||
| 245 | 0 | 0 |
_aLaboratorium dynamiki i drgań układów mechanicznych / _c[pod red. Kazimierza Szabelskiego, Jerzego Warmińskiego]. |
| 250 |
_aWyd. 2 zm. / _baut. Marcin Bocheński [et al.]. |
||
| 260 |
_aLublin : _bPolitechnika Lubelska, _c2006. |
||
| 300 |
_a140, [3] s. : _bil. ; _c24 cm. |
||
| 490 | 1 | _aMechanika / Politechnika Lubelska | |
| 500 | _aNa okł. nazwy red. i podtyt.: praca zbiorowa. | ||
| 504 | _aBibliogr. przy rozdz. | ||
| 650 | 9 | _aDrgania | |
| 650 | 9 | _aDynamika | |
| 655 | _aPodręczniki akademickie | ||
| 700 | 1 |
_aSzabelski, Kazimierz _d(1937- ). _eRed. |
|
| 700 | 1 |
_aWarmiński, Jerzy _d(1960- ). _eRed. |
|
| 700 | 1 | _aBocheński, Marcin. | |
| 830 | 0 | _aMechanika - Politechnika Lubelska | |
| 015 | _aPB 23322/2007 | ||
| 020 | _a837497012X | ||
| 020 | _a9788374970129 | ||
| 040 | _cBPK | ||
| 041 | _apol | ||
| 044 | _aPOL | ||
| 080 | _a621.01:531.3](075.8) | ||
| 920 | _a83-7497-012-X | ||
| 920 | _a978-83-7497-012-9 | ||
| 942 | _cKS | ||
| 008 | 070418s2006 pl a |000 0 pol | ||
| 999 |
_c55047 _d55047 |
||
| 856 |
_uhttp://koha.tu.koszalin.pl/cgi-bin/koha/opac-detail.pl?biblionumber=55047 _yKatalog online BPK |
||